| 000 | 01109nam a22003377a 4500 | ||
|---|---|---|---|
| 003 | CHAP | ||
| 005 | 20220329135254.0 | ||
| 008 | 971013s1959 r 00010 d | ||
| 010 | _a33589 | ||
| 011 | _a34561 | ||
| 035 | _a38677 | ||
| 040 | _cCHAP | ||
| 090 | _aTesis | ||
| 100 | 0 | 0 |
_aMedellín Leal, Fernado Eugenio. _973889 |
| 245 | _aAnatomía, flora y embriogenia de Dioscorea galectiiana Kunth | ||
| 260 |
_aMéxico, D.F. : _bEl autor, _c1959 |
||
| 300 |
_a52 p. _b: ilus |
||
| 502 | _aTesis (Biólogo) -- IPN. Escuela Nacional de Ciencias Biológicas | ||
| 590 |
_aALEPH _b10 _c20130110 _lUCH01 _h1258 |
||
| 590 |
_aBATCH-UPD _b10 _c20130110 _lUCH01 _h2202 |
||
| 590 |
_aBATCH-UPD _b10 _c20130410 _lUCH01 _h1509 |
||
| 590 |
_aBATCH-UPD _b10 _c20130914 _lUCH01 _h1204 |
||
| 590 |
_aCONVERSION _b10 _c20130109 _lUCH01 _h1319 |
||
| 650 | 1 | 4 |
_aDioscorea galeottiana. _932660 |
| 901 | _aBK | ||
| 942 | _cFOLL | ||
| 949 |
_bBC _cTES _d-88414 _eTS1 _i38677 _si |
||
| 949 |
_bBC _cTES _d-88415 _eTS2 _fc.2 _i38677 _si |
||
| 949 |
_bBC _cTES _d-88416 _eTS2 _fc.3 _i38677 _si |
||
| 949 |
_bBC _cTES _d-88417 _eTS2 _fc.4 _i38677 _si |
||
| 999 |
_c33589 _d33589 |
||